[Event "Mid Bohemia Region-chT 2223"]
[Site "Czech Republic"]
[Date "2023.02.26"]
[Round "9.3"]
[White "Martirosyan, David"]
[Black "Zvara, David"]
[Result "1/2-1/2"]
[WhiteElo "1925"]
[BlackElo "2115"]
[PlyCount "53"]
[EventDate "2022.10.09"]
[EventType "team-tourn"]
[EventRounds "11"]
[EventCountry "CZE"]
[SourceTitle "EXT 2024"]
[Source "ChessBase"]
[SourceDate "2023.10.10"]
[SourceVersion "1"]
[SourceVersionDate "2023.10.10"]
[SourceQuality "1"]
[WhiteTeam "Ricany III"]
[BlackTeam "Vlasim II"]
[WhiteTeamCountry "CZE"]
[BlackTeamCountry "CZE"]

1. d4 Nf6 2. c4 e5 3. dxe5 Ng4 4. Nf3 Bc5 5. e3 Nc6 6. Nc3 Ncxe5 7. Be2 0-0 8. 0-0 a5 9. b3 Nxf3+ 10. Bxf3 Ne5 11. Bb2 Nxf3+ 12. Qxf3 Ra6 13. Nd5 Rh6 14. Qg3 f6 15. h3 Bd6 16. Qf3 b6 17. Nf4 Qe7 18. Rfd1 Be5 19. Bd4 Qf7 20. Nd5 Bd6 21. Bb2 Bb7 22. Ne7+ Qxe7 23. Qxb7 Rg6 24. Qd5+ Kh8 25. Qf3 Re8 26. Rd5 Be5 27. Rb1 1/2-1/2

[Event "CZE-chT1W 1920"]
[Site "Czech Republic"]
[Date "2020.01.19"]
[Round "6.5"]
[White "Jedlicka, Ales"]
[Black "Zvara, David"]
[Result "0-1"]
[WhiteElo "2206"]
[BlackElo "2147"]
[PlyCount "138"]
[EventDate "2019.10.20"]
[EventType "team-tourn"]
[EventRounds "11"]
[EventCountry "CZE"]
[SourceTitle "CBM 194 Extra"]
[Source "ChessBase"]
[SourceDate "2020.03.31"]
[SourceVersion "1"]
[SourceVersionDate "2020.03.31"]
[SourceQuality "1"]
[WhiteTeam "Polabiny II"]
[BlackTeam "Vlasim Spartak"]
[WhiteTeamCountry "CZE"]
[BlackTeamCountry "CZE"]

1. d4 Nf6 2. c4 e6 3. Nf3 Bb4+ 4. Bd2 Bxd2+ 5. Qxd2 d5 6. g3 0-0 7. Bg2 c6 8. 0-0 dxc4 9. a4 b5 10. Ne5 Nd5 11. e4 Nb6 12. Nc3 b4 13. Ne2 a5 14. Rfc1 Ba6 15. Nf4 Qd6 16. Nh5 f6 17. Ng4 Ra7 18. Qe3 f5 19. Ne5 Rc7 20. Bf1 c5 21. dxc5 Qxc5 22. Nf4 Qxe5 23. Qxb6 Rc6 24. Qe3 Qxb2 25. exf5 exf5 26. Bg2 Rd6 27. Bd5+ Kh8 28. Qc5 Qf6 29. Ne6 Qe5 30. Nxf8 Rxd5 31. Qb6 Rd6 32. Qxb8 Rd1+ 33. Rxd1 Qxb8 34. Ne6 c3 35. Rd8+ Qxd8 36. Nxd8 b3 37. Re1 h6 38. Nc6 b2 39. Nd4 Bd3 40. Re8+ Kh7 41. Rb8 b1Q+ 42. Rxb1 Bxb1 43. Kf1 c2 44. Ne2 c1Q+ 45. Nxc1 Bc2 46. Ke2 Bxa4 47. Kd3 Kg6 48. Kc4 Kf6 49. Nd3 Bc2 50. Nc5 a4 51. Kc3 Bd1 52. Kd2 Bb3 53. f4 Ke7 54. Kc3 Kd6 55. Kd4 Bc2 56. Nb7+ Kc6 57. Nd8+ Kd7 58. Nb7 a3 59. Kc3 Bd1 60. Na5 Ke6 61. Nc4 a2 62. Kb2 Bb3 63. Ne3 g6 64. h4 h5 65. Nf1 Kd6 66. Nd2 Bd5 67. Nf1 Kc5 68. Ne3 Bb3 69. Nf1 Kd4 0-1

[Event "CZE-chT2A 1920"]
[Site "Czech Republic"]
[Date "2019.11.03"]
[Round "2.6"]
[White "Filipi, Stepan"]
[Black "Zvara, David"]
[Result "1-0"]
[WhiteElo "2164"]
[BlackElo "2128"]
[PlyCount "63"]
[EventDate "2019.10.13"]
[EventType "team-tourn"]
[EventRounds "11"]
[EventCountry "CZE"]
[SourceTitle "EXT 2024"]
[Source "ChessBase"]
[SourceDate "2023.10.10"]
[SourceVersion "1"]
[SourceVersionDate "2023.10.10"]
[SourceQuality "1"]
[WhiteTeam "Vysehrad II"]
[BlackTeam "Vlasim II"]
[WhiteTeamCountry "CZE"]
[BlackTeamCountry "CZE"]

1. e4 e5 2. Nf3 Nf6 3. Nxe5 d6 4. Nf3 Nxe4 5. Nc3 Nxc3 6. dxc3 Be7 7. Bd3 0-0 8. Be3 Nd7 9. Qd2 Nc5 10. Bxc5 dxc5 11. 0-0-0 c6 12. Rhe1 Be6 13. Qe2 Qa5 14. Bc4 Bxc4 15. Qxc4 b5 16. Qe4 Bf6 17. Kb1 c4 18. Ne5 b4 19. cxb4 Qxb4 20. Qxc4 Qb6 21. f4 Rad8 22. Rxd8 Qxd8 23. Qxc6 Qd2 24. Nd3 h6 25. a3 Kh7 26. Qe4+ g6 27. g4 Rb8 28. Ne5 Qc3 29. b3 Be7 30. Re3 Qd2 31. Nxg6 Bxa3 32. Nf8+ 1-0

[Event "CZE-chT2A 1819"]
[Site "Czech Republic"]
[Date "2018.11.04"]
[Round "2.4"]
[White "Vybiral, Zdenek"]
[Black "Zvara, David"]
[Result "1-0"]
[WhiteElo "2260"]
[BlackElo "2128"]
[PlyCount "117"]
[EventDate "2018.10.14"]
[EventType "team-tourn"]
[EventRounds "11"]
[EventCountry "CZE"]
[SourceTitle "EXT 2022"]
[Source "ChessBase"]
[SourceDate "2021.10.06"]
[SourceVersion "1"]
[SourceVersionDate "2021.10.06"]
[SourceQuality "1"]
[WhiteTeam "Tabor"]
[BlackTeam "Vlasim"]
[WhiteTeamCountry "CZE"]
[BlackTeamCountry "CZE"]

1. d4 Nf6 2. c4 e5 3. dxe5 Ng4 4. Bf4 Nc6 5. Nf3 Bb4+ 6. Nbd2 Qe7 7. e3 Ngxe5 8. Nxe5 Nxe5 9. Be2 0-0 10. 0-0 Bxd2 11. Qxd2 d6 12. Rac1 a5 13. c5 dxc5 14. Qd5 Ng6 15. Bg3 c6 16. Qxc5 Qxc5 17. Rxc5 Be6 18. Bc7 a4 19. a3 Rfc8 20. Ra5 Rxa5 21. Bxa5 Ne5 22. Rc1 b5 23. Rc5 Nd7 24. Rc1 Ne5 25. Bc3 Nc4 26. Rd1 Kf8 27. e4 g6 28. f4 Ke8 29. Bf6 Nb6 30. g4 Nd7 31. Bc3 Nc5 32. Bf3 Rd8 33. Rxd8+ Kxd8 34. Kf2 Kd7 35. Ke3 Bc4 36. f5 Bb3 37. Kd4 Na6 38. Ke5 Ke7 39. Kf4 Bc4 40. Kg5 Kf8 41. Be5 c5 42. Kf6 b4 43. Bd6+ Ke8 44. Kg7 Kd7 45. Bf8 bxa3 46. bxa3 Bb3 47. Kxh7 gxf5 48. exf5 c4 49. Bg7 Nc7 50. Bb2 Nb5 51. Be2 Ke7 52. Kg7 c3 53. Bc1 Nd4 54. Bd3 Bd1 55. h3 f6 56. g5 fxg5 57. f6+ Kd7 58. f7 g4 59. Kf6 1-0

[Event "CZE-chT2C 1718"]
[Site "Czech Republic"]
[Date "2017.11.05"]
[Round "2.6"]
[White "Zvara, David"]
[Black "Marikova, Jana"]
[Result "1-0"]
[WhiteElo "2142"]
[BlackElo "2146"]
[PlyCount "87"]
[EventDate "2017.10.15"]
[EventType "team-tourn"]
[EventRounds "11"]
[EventCountry "CZE"]
[SourceTitle "EXT 2022"]
[Source "ChessBase"]
[SourceDate "2021.10.06"]
[SourceVersion "1"]
[SourceVersionDate "2021.10.06"]
[SourceQuality "1"]
[WhiteTeam "Vlasim"]
[BlackTeam "Ricany"]
[WhiteTeamCountry "CZE"]
[BlackTeamCountry "CZE"]

1. e4 c5 2. Nf3 d6 3. Bb5+ Bd7 4. Bxd7+ Qxd7 5. 0-0 Nc6 6. c3 Nf6 7. Re1 e6 8. d4 cxd4 9. cxd4 Be7 10. Nc3 0-0 11. d5 Ne5 12. Nd4 exd5 13. exd5 Rfe8 14. Bf4 Ng6 15. Bg3 Bf8 16. Qd3 Nh5 17. Qf5 Qxf5 18. Nxf5 Nxg3 19. hxg3 Re5 20. Rxe5 Nxe5 21. Nb5 a6 22. Nc3 g6 23. Ne3 Rc8 24. Ne4 f5 25. Nd2 Bg7 26. Rd1 b5 27. b3 Bh6 28. f4 Nd7 29. Nf3 Nf6 30. Nd4 Rc3 31. Nf1 Ne4 32. Kh2 Bg7 33. Nc6 Bf6 34. Rb1 Kf7 35. a4 Rd3 36. Nb4 Rd4 37. Nxa6 Nc3 38. Rc1 Rxd5 39. Nc7 Rd3 40. axb5 Bd8 41. b6 Ne4 42. b4 Nf6 43. b7 Nd7 44. Na6 1-0

[Event "CZE-chT2C 1617"]
[Site "Czech Republic"]
[Date "2017.01.29"]
[Round "7.6"]
[White "Husarik, Branko"]
[Black "Zvara, David"]
[Result "0-1"]
[WhiteElo "2091"]
[BlackElo "2138"]
[PlyCount "88"]
[EventDate "2016.10.09"]
[EventType "team-tourn"]
[EventRounds "11"]
[EventCountry "CZE"]
[SourceTitle "EXT 2022"]
[Source "ChessBase"]
[SourceDate "2021.10.06"]
[SourceVersion "1"]
[SourceVersionDate "2021.10.06"]
[SourceQuality "1"]
[WhiteTeam "Lysa nad Labem III"]
[BlackTeam "Vlasim"]
[WhiteTeamCountry "CZE"]
[BlackTeamCountry "CZE"]

1. e4 e5 2. Nf3 Nf6 3. Nxe5 d6 4. Nc4 Nxe4 5. Nc3 Nxc3 6. dxc3 Be7 7. Be3 0-0 8. Bd3 Bf6 9. Qe2 Re8 10. 0-0-0 b5 11. Nd2 c6 12. g4 d5 13. g5 Be7 14. h4 Bc5 15. Bxh7+ Kxh7 16. Qh5+ Kg8 17. Bxc5 Nd7 18. Be3 Ne5 19. Qe2 Bg4 20. f3 Bh5 21. Qf2 Qd7 22. Bd4 Qf5 23. Rdf1 Bg6 24. Nb1 Nxf3 25. b3 Re6 26. Qg2 Qf4+ 27. Kb2 Be4 28. Rh3 Nxd4 29. Rxf4 Bxg2 30. Rh2 Nxc2 31. Rxg2 Ne1 32. Rd2 Rae8 33. h5 Re2 34. Kc1 Ng2 35. Rg4 Re1+ 36. Kb2 Ne3 37. Rh4 Rg1 38. h6 Rxg5 39. h7+ Kh8 40. Ka3 Rg1 41. Rb2 a5 42. Nd2 Rc1 43. Rb1 Rxc3 44. Re1 Rc2 0-1

[Event "CZE-chT2C 1516"]
[Site "Czech Republic"]
[Date "2016.03.13"]
[Round "9.1"]
[White "Papacek, Stepan"]
[Black "Zvara, David"]
[Result "1-0"]
[WhiteElo "2246"]
[BlackElo "2090"]
[PlyCount "109"]
[EventDate "2015.10.18"]
[EventType "team-tourn"]
[EventRounds "11"]
[EventCountry "CZE"]
[SourceTitle "EXT 2022"]
[Source "ChessBase"]
[SourceDate "2021.10.06"]
[SourceVersion "1"]
[SourceVersionDate "2021.10.06"]
[SourceQuality "1"]
[WhiteTeam "Tabor"]
[BlackTeam "Svetla nad Sazavou"]
[WhiteTeamCountry "CZE"]
[BlackTeamCountry "CZE"]

1. c4 e5 2. e3 Nf6 3. Nc3 Bb4 4. Nge2 0-0 5. a3 Bxc3 6. Nxc3 c6 7. d4 exd4 8. Qxd4 d5 9. Be2 dxc4 10. Qxc4 Be6 11. Qf4 Nbd7 12. 0-0 Nc5 13. Rd1 Qb6 14. b4 Ncd7 15. e4 Bb3 16. Be3 Qd8 17. Rd4 Qe7 18. Rb1 Be6 19. Qg3 Rfd8 20. Bg5 c5 21. Rxd7 Rxd7 22. e5 Qf8 23. exf6 g6 24. Be3 cxb4 25. axb4 b6 26. h4 Rc8 27. Qe5 Bf5 28. Bb5 Qd6 29. Qxd6 Rxd6 30. Rb3 a5 31. bxa5 bxa5 32. Ra3 Bd3 33. Rxa5 Bxb5 34. Rxb5 Rxf6 35. Nd5 Re6 36. h5 gxh5 37. Nf4 Rec6 38. Rxh5 Rd8 39. g4 Rc4 40. Kg2 Rd6 41. Rg5+ Kh8 42. Rf5 Kg8 43. Kg3 Ra6 44. Kf3 Kg7 45. Nh5+ Kg8 46. Rd5 Rc8 47. Bd4 Rg6 48. Nf6+ Kg7 49. g5 Ra8 50. Kf4 Rc8 51. Rd7 Ra8 52. Kf5 Rc8 53. f4 Ra8 54. Be5 Rc8 55. Nxh7+ 1-0

[Event "CZE-chT2C 1516"]
[Site "Czech Republic"]
[Date "2015.11.08"]
[Round "2.1"]
[White "Havlik, Jan"]
[Black "Zvara, David"]
[Result "1-0"]
[WhiteElo "2389"]
[BlackElo "2090"]
[PlyCount "34"]
[EventDate "2015.10.18"]
[EventType "team-tourn"]
[EventRounds "11"]
[EventCountry "CZE"]
[SourceTitle "EXT 2022"]
[Source "ChessBase"]
[SourceDate "2021.10.06"]
[SourceVersion "1"]
[SourceVersionDate "2021.10.06"]
[SourceQuality "1"]
[WhiteTeam "Pisek"]
[BlackTeam "Svetla nad Sazavou"]
[WhiteTeamCountry "CZE"]
[BlackTeamCountry "CZE"]

1. e4 e5 2. Nf3 Nf6 3. Nxe5 d6 4. Nf3 Nxe4 5. d4 d5 6. Bd3 Bd6 7. 0-0 0-0 8. c4 c6 9. Nc3 Nxc3 10. bxc3 dxc4 11. Bxc4 Bg4 12. h3 Bh5 13. Rb1 Qa5 14. Rxb7 Qxc3 15. Qe2 Bxf3 16. gxf3 Qxd4 17. Rxf7 Na6 1-0

[Event "Vsetin op 40th"]
[Site "Vsetin"]
[Date "2015.07.10"]
[Round "8"]
[White "Belunek, Vladimir"]
[Black "Zvara, David"]
[Result "1-0"]
[WhiteElo "2242"]
[BlackElo "2116"]
[PlyCount "55"]
[EventDate "2015.07.04"]
[EventType "swiss"]
[EventRounds "9"]
[EventCountry "CZE"]
[SourceTitle "CBM 167 Extra"]
[Source "ChessBase"]
[SourceDate "2015.09.14"]
[SourceVersion "1"]
[SourceVersionDate "2015.09.14"]
[SourceQuality "1"]

1. d4 Nf6 2. Nf3 d5 3. c4 e6 4. Nc3 Be7 5. Bg5 0-0 6. e3 b6 7. Rc1 Bb7 8. Bxf6 Bxf6 9. cxd5 exd5 10. Be2 c5 11. 0-0 cxd4 12. Nxd4 Nd7 13. b4 a6 14. Qb3 Ne5 15. Rfd1 Qd7 16. b5 a5 17. Na4 Qd6 18. Nf5 Qe6 19. Nd4 Qd6 20. e4 dxe4 21. Nc6 Qc7 22. Nxa5 Qe7 23. Nc6 Nxc6 24. bxc6 Bc8 25. Nxb6 Be6 26. Nd5 Bxd5 27. Qxd5 Rfd8 28. Qxd8+ 1-0

[Event "Vsetin op 40th"]
[Site "Vsetin"]
[Date "2015.07.06"]
[Round "4"]
[White "Horak, Martin"]
[Black "Zvara, David"]
[Result "1/2-1/2"]
[WhiteElo "1927"]
[BlackElo "2116"]
[PlyCount "113"]
[EventDate "2015.07.04"]
[EventType "swiss"]
[EventRounds "9"]
[EventCountry "CZE"]
[SourceTitle "CBM 167 Extra"]
[Source "ChessBase"]
[SourceDate "2015.09.14"]
[SourceVersion "1"]
[SourceVersionDate "2015.09.14"]
[SourceQuality "1"]

1. e4 d5 2. exd5 Qxd5 3. Nc3 Qd8 4. d4 c6 5. Bc4 Nf6 6. Nf3 Bf5 7. 0-0 e6 8. Bg5 Be7 9. Qe2 0-0 10. Rad1 Nbd7 11. Rfe1 Re8 12. Ne5 Nb6 13. Bd3 Bxd3 14. Rxd3 Nfd5 15. Bxe7 Qxe7 16. Nxd5 Nxd5 17. Rf3 Rf8 18. c4 Nb6 19. b3 Rad8 20. Qe4 Nd7 21. Nxd7 Qxd7 22. Rd1 Qd6 23. Rfd3 Rd7 24. Qe5 Rfd8 25. f4 Qxe5 26. fxe5 f5 27. exf6 gxf6 28. Kf2 Kf8 29. Ke3 Ke7 30. g4 h5 31. gxh5 Rh8 32. h4 Rxh5 33. Rh1 Kd6 34. Ke4 Rg7 35. Rf3 f5+ 36. Ke3 c5 37. dxc5+ Kxc5 38. Kf4 Kd6 39. Rd3+ Ke7 40. Rg3 Rgh7 41. Ke5 Rf7 42. Rg5 Rxg5 43. hxg5 f4 44. Rf1 Rf5+ 45. Ke4 Rxg5 46. Rxf4 a5 47. a3 Rg3 48. Rf3 Rxf3 49. Kxf3 Kd6 50. Ke4 b6 51. b4 Kd7 52. Ke5 Ke7 53. bxa5 bxa5 54. a4 Kd7 55. c5 Kc6 56. Kxe6 Kxc5 57. Ke5 1/2-1/2

[Event "Vsetin op 40th"]
[Site "Vsetin"]
[Date "2015.07.05"]
[Round "2"]
[White "Shkuran, Danylo"]
[Black "Zvara, David"]
[Result "1-0"]
[WhiteElo "2404"]
[BlackElo "2116"]
[PlyCount "55"]
[EventDate "2015.07.04"]
[EventType "swiss"]
[EventRounds "9"]
[EventCountry "CZE"]
[SourceTitle "CBM 167 Extra"]
[Source "ChessBase"]
[SourceDate "2015.09.14"]
[SourceVersion "1"]
[SourceVersionDate "2015.09.14"]
[SourceQuality "1"]

1. e4 e5 2. Nf3 Nf6 3. Nc3 Nc6 4. Bb5 Bb4 5. 0-0 d6 6. Nd5 Bc5 7. d4 exd4 8. Bg5 Bd7 9. Qd2 Ne5 10. Nxe5 dxe5 11. Bxf6 gxf6 12. Bxd7+ Qxd7 13. Qh6 Be7 14. c3 c6 15. Nxe7 Kxe7 16. f4 dxc3 17. bxc3 Qd2 18. Qh3 exf4 19. Rf3 Rhg8 20. Raf1 Rad8 21. Rxf4 Rd3 22. R4f3 Rgd8 23. e5 Rxf3 24. Qxf3 fxe5 25. Qxf7+ Kd6 26. Qxb7 Qe3+ 27. Kh1 Qe2 28. Rf6+ 1-0

[Event "CZE-chT2C 1415"]
[Site "Czech Republic"]
[Date "2015.03.29"]
[Round "10.5"]
[White "Svanda, Pavel"]
[Black "Zvara, David"]
[Result "0-1"]
[WhiteElo "2136"]
[BlackElo "2103"]
[PlyCount "96"]
[EventDate "2014.11.02"]
[EventType "team-tourn"]
[EventRounds "11"]
[EventCountry "CZE"]
[SourceTitle "EXT 2022"]
[Source "ChessBase"]
[SourceDate "2021.10.06"]
[SourceVersion "1"]
[SourceVersionDate "2021.10.06"]
[SourceQuality "1"]
[WhiteTeam "Jihlava Gordic"]
[BlackTeam "Dolni Kralovice"]
[WhiteTeamCountry "CZE"]
[BlackTeamCountry "CZE"]

1. e4 e5 2. Nf3 Nf6 3. d3 Nc6 4. Be2 Bc5 5. c3 d6 6. 0-0 0-0 7. Nbd2 h6 8. Nc4 a6 9. Be3 Bxe3 10. Nxe3 d5 11. Nd2 dxe4 12. dxe4 Be6 13. Qc2 Qe7 14. Rfe1 Rad8 15. b4 Rd7 16. Nb3 Bxb3 17. axb3 Rfd8 18. Bf3 Na7 19. Nd5 Qe6 20. Rad1 Nb5 21. Nxf6+ Qxf6 22. Rxd7 Rxd7 23. Be2 Qd8 24. Bxb5 Rd2 25. Qc1 axb5 26. g3 Qd3 27. Kg2 Rc2 28. Re3 Qxe4+ 29. Rxe4 Rxc1 30. Rxe5 Rxc3 31. Rxb5 b6 32. Rd5 Rxb3 33. Rd4 Kf8 34. Rc4 Ke8 35. h4 h5 36. f3 b5 37. Re4+ Kd7 38. g4 hxg4 39. fxg4 Rc3 40. h5 Rc4 41. Rxc4 bxc4 42. g5 Ke6 43. Kf3 Kf5 44. h6 gxh6 45. gxh6 Kg6 46. Ke4 Kxh6 47. Kd4 f5 48. Kxc4 f4 0-1

[Event "Rakovnik Regional-chT 1415"]
[Site "Rakovnik"]
[Date "2015.03.01"]
[Round "9.4"]
[White "Zvara, David"]
[Black "Benes, Petr"]
[Result "1-0"]
[WhiteElo "2103"]
[BlackElo "2117"]
[PlyCount "33"]
[EventDate "2014.10.19"]
[EventType "team-tourn"]
[EventRounds "11"]
[EventCountry "CZE"]
[SourceTitle "EXT 2016"]
[Source "ChessBase"]
[SourceDate "2015.10.08"]
[SourceVersion "1"]
[SourceVersionDate "2015.10.08"]
[SourceQuality "1"]
[WhiteTeam "Vlasim II"]
[BlackTeam "Nymburk Sokol"]
[WhiteTeamCountry "CZE"]
[BlackTeamCountry "CZE"]

1. d4 d5 2. Nf3 e6 3. Bf4 Bd6 4. Bg3 f5 5. e3 Nf6 6. Nbd2 0-0 7. Ne5 c5 8. c3 Ne4 9. Nxe4 fxe4 10. f3 cxd4 11. exd4 Nc6 12. fxe4 Bxe5 13. dxe5 Qb6 14. Qd2 dxe4 15. 0-0-0 Bd7 16. Qxd7 Nxe5 17. Bxe5 1-0

[Event "Rakovnik Regional-chT 1415"]
[Site "Rakovnik"]
[Date "2015.01.04"]
[Round "5.4"]
[White "Zvara, David"]
[Black "Cermak, Michal1111"]
[Result "0-1"]
[WhiteElo "2103"]
[BlackElo "2019"]
[PlyCount "78"]
[EventDate "2014.10.19"]
[EventType "team-tourn"]
[EventRounds "11"]
[EventCountry "CZE"]
[SourceTitle "EXT 2016"]
[Source "ChessBase"]
[SourceDate "2015.10.08"]
[SourceVersion "1"]
[SourceVersionDate "2015.10.08"]
[SourceQuality "1"]
[WhiteTeam "Vlasim II"]
[BlackTeam "Lysa nad Labem IV"]
[WhiteTeamCountry "CZE"]
[BlackTeamCountry "CZE"]

1. d4 Nf6 2. Nf3 e6 3. Bf4 b6 4. e3 Bb7 5. Bc4 Bb4+ 6. c3 Be7 7. h3 0-0 8. 0-0 d5 9. Bd3 c5 10. Nbd2 Nbd7 11. Rc1 c4 12. Bb1 b5 13. Re1 Nh5 14. Bh2 f5 15. Ne5 Nhf6 16. Ndf3 Ne4 17. Nxd7 Qxd7 18. Ne5 Qe8 19. f3 Nd6 20. g4 Rd8 21. Qe2 Nf7 22. e4 dxe4 23. fxe4 Ng5 24. gxf5 exf5 25. exf5 Nxh3+ 26. Kf1 Rd6 27. Ng4 Qc6 28. Be4 Rd5 29. Ne5 Rxf5+ 30. Bxf5 Rxe5 31. Be6+ Kh8 32. d5 Rxe2 33. Rxe2 Qc5 34. Bxh3 Qxd5 35. Bg2 Qf5+ 36. Kg1 Qg4 37. Rcc2 Bxg2 38. Rxe7 Bh3+ 39. Kf2 Qh4+ 0-1

[Event "Rakovnik Regional-chT 1415"]
[Site "Rakovnik"]
[Date "2014.11.23"]
[Round "3.4"]
[White "Zvara, David"]
[Black "Satransky, Jaroslav"]
[Result "0-1"]
[WhiteElo "2103"]
[BlackElo "2275"]
[PlyCount "122"]
[EventDate "2014.10.19"]
[EventType "team-tourn"]
[EventRounds "11"]
[EventCountry "CZE"]
[SourceTitle "EXT 2016"]
[Source "ChessBase"]
[SourceDate "2015.10.08"]
[SourceVersion "1"]
[SourceVersionDate "2015.10.08"]
[SourceQuality "1"]
[WhiteTeam "Vlasim II"]
[BlackTeam "Rakovnik"]
[WhiteTeamCountry "CZE"]
[BlackTeamCountry "CZE"]

1. d4 c5 2. c3 e6 3. Nf3 Nf6 4. Bf4 d5 5. e3 Be7 6. Nbd2 0-0 7. Bd3 b6 8. Qe2 a5 9. Ne5 Bd6 10. Bg5 Ba6 11. Bxa6 Nxa6 12. Qb5 Nb8 13. Bxf6 gxf6 14. Nd3 Qc7 15. g3 a4 16. Nf4 c4 17. Nxd5 exd5 18. Qxd5 Qc6 19. Qxc6 Nxc6 20. Nxc4 Bc7 21. a3 b5 22. Nd2 Na5 23. 0-0-0 Rfe8 24. e4 Ra6 25. Rhe1 Nc4 26. Nxc4 bxc4 27. f3 Rb8 28. Kc2 Rab6 29. Rb1 Rb5 30. Red1 Kf8 31. Rf1 f5 32. e5 Ke7 33. h3 Ke6 34. g4 Bd8 35. f4 Be7 36. g5 Kd5 37. h4 R5b6 38. Rfe1 h6 39. Rf1 Rh8 40. Rf2 hxg5 41. hxg5 Rb3 42. Re2 Rhb8 43. Ree1 R3b6 44. Rf1 Rh8 45. Rf2 Rh3 46. Re1 Bxa3 47. bxa3 Rb3 48. Kc1 Rbxc3+ 49. Kb1 Rxa3 50. Ra2 Rab3+ 51. Ka1 a3 52. Rae2 Rb6 53. Rd1 Rd3 54. Rde1 Rg3 55. Rd1 c3 56. Ra2 Rb3 57. Rc2 Rb2 58. Rdc1 Rxc2 59. Rxc2 Kxd4 60. Ka2 Rg1 61. Kxa3 Kd3 0-1

[Event "CZE-chT2C 1415"]
[Site "Czech Republic"]
[Date "2014.11.16"]
[Round "2.6"]
[White "Zvara, David"]
[Black "Soucek, Milan"]
[Result "1-0"]
[WhiteElo "2103"]
[BlackElo "2071"]
[PlyCount "51"]
[EventDate "2014.11.02"]
[EventType "team-tourn"]
[EventRounds "11"]
[EventCountry "CZE"]
[SourceTitle "EXT 2022"]
[Source "ChessBase"]
[SourceDate "2021.10.06"]
[SourceVersion "1"]
[SourceVersionDate "2021.10.06"]
[SourceQuality "1"]
[WhiteTeam "Dolni Kralovice"]
[BlackTeam "Kolin"]
[WhiteTeamCountry "CZE"]
[BlackTeamCountry "CZE"]

1. d4 d6 2. Nf3 e5 3. dxe5 Nc6 4. Bf4 Bg4 5. exd6 Qf6 6. Qc1 Bxd6 7. Bxd6 Qxd6 8. Qe3+ Nge7 9. Nbd2 Nb4 10. Qc3 0-0-0 11. a3 Ned5 12. Qc4 Bxf3 13. Nxf3 Nc6 14. 0-0-0 Qh6+ 15. e3 Nxe3 16. fxe3 Rxd1+ 17. Kxd1 Qxe3 18. Bd3 Ne5 19. Qe4 Qxe4 20. Bxe4 Nc4 21. Kc1 g6 22. Re1 Rd8 23. Bd3 Nb6 24. Re7 f5 25. Rxh7 Re8 26. Rg7 1-0

[Event "CZE-chT2C 1314"]
[Site "Czech Republic"]
[Date "2014.04.06"]
[Round "11.6"]
[White "Mindl, Josef"]
[Black "Zvara, David"]
[Result "1/2-1/2"]
[WhiteElo "2069"]
[BlackElo "2113"]
[PlyCount "33"]
[EventDate "2013.11.03"]
[EventType "team-tourn"]
[EventRounds "11"]
[EventCountry "CZE"]
[SourceTitle "EXT 2015"]
[Source "ChessBase"]
[SourceDate "2014.11.20"]
[SourceVersion "1"]
[SourceVersionDate "2014.11.20"]
[SourceQuality "1"]
[WhiteTeam "Tabor"]
[BlackTeam "Vlasim"]
[WhiteTeamCountry "CZE"]
[BlackTeamCountry "CZE"]

1. e4 e5 2. Nf3 Nf6 3. d4 Nxe4 4. Bd3 d5 5. Nxe5 Bd6 6. 0-0 0-0 7. c4 c6 8. cxd5 cxd5 9. Nc3 Nxc3 10. bxc3 Qc7 11. Qc2 h6 12. Re1 Nd7 13. Nxd7 Bxd7 14. h3 Rfe8 15. Bd2 b6 16. Qb3 Qc6 17. Rxe8+ 1/2-1/2

[Event "CZE-chT2C 1314"]
[Site "Czech Republic"]
[Date "2014.02.02"]
[Round "7.6"]
[White "Zvara, David"]
[Black "Munk, Petr"]
[Result "1/2-1/2"]
[WhiteElo "2113"]
[BlackElo "2146"]
[PlyCount "42"]
[EventDate "2013.11.03"]
[EventType "team-tourn"]
[EventRounds "11"]
[EventCountry "CZE"]
[SourceTitle "EXT 2015"]
[Source "ChessBase"]
[SourceDate "2014.11.20"]
[SourceVersion "1"]
[SourceVersionDate "2014.11.20"]
[SourceQuality "1"]
[WhiteTeam "Vlasim"]
[BlackTeam "Lysa nad Labem III"]
[WhiteTeamCountry "CZE"]
[BlackTeamCountry "CZE"]

1. d4 Nf6 2. Nf3 g6 3. Bf4 Bg7 4. e3 d6 5. Bc4 0-0 6. h3 c5 7. c3 b6 8. 0-0 Bb7 9. Nbd2 Nbd7 10. Qe2 Qc7 11. Ba6 Rfe8 12. Bh2 Ne4 13. Rfd1 Ndf6 14. a4 Qc8 15. Bxb7 Qxb7 16. Nxe4 Nxe4 17. Nd2 Nxd2 18. Qxd2 cxd4 19. cxd4 Rec8 20. Rdc1 Rxc1+ 21. Rxc1 Rc8 1/2-1/2

[Event "CZE-chT2C 1314"]
[Site "Czech Republic"]
[Date "2014.01.19"]
[Round "6.5"]
[White "Zvara, David"]
[Black "Zemlicka, Vit"]
[Result "1-0"]
[WhiteElo "2113"]
[BlackElo "1956"]
[PlyCount "101"]
[EventDate "2013.11.03"]
[EventType "team-tourn"]
[EventRounds "11"]
[EventCountry "CZE"]
[SourceTitle "EXT 2015"]
[Source "ChessBase"]
[SourceDate "2014.11.20"]
[SourceVersion "1"]
[SourceVersionDate "2014.11.20"]
[SourceQuality "1"]
[WhiteTeam "Vlasim"]
[BlackTeam "Postovni sporitelna III"]
[WhiteTeamCountry "CZE"]
[BlackTeamCountry "CZE"]

1. d4 Nf6 2. Nf3 g6 3. Bf4 Bg7 4. e3 d6 5. h3 0-0 6. Bc4 c5 7. c3 Nbd7 8. Nbd2 d5 9. Bd3 b6 10. 0-0 Bb7 11. Qc2 Re8 12. Ne5 Nxe5 13. dxe5 Nd7 14. Nf3 f6 15. e6 Ne5 16. Bxe5 fxe5 17. Bxg6 hxg6 18. Qxg6 Rf8 19. Ng5 Rf6 20. Qh7+ Kf8 21. f4 e4 22. Nf7 Rxf7 23. exf7 Kxf7 24. Rad1 Qd6 25. Qh5+ Qg6 26. Rxd5 Qxh5 27. Rxh5 Rd8 28. Rf2 Ba6 29. Rg5 Bf6 30. Rh5 Rd3 31. g4 Rxe3 32. g5 Bg7 33. f5 Be2 34. Rh7 Bf3 35. h4 Kg8 36. g6 Re1+ 37. Rf1 Re2 38. Rf2 Re1+ 39. Rf1 Rxf1+ 40. Kxf1 e3 41. h5 Be5 42. Rxe7 Bf6 43. Rxe3 Bxh5 44. Re8+ Kg7 45. Ra8 a5 46. Rb8 Bg4 47. Rb7+ Kh6 48. Rh7+ Kg5 49. g7 Bxg7 50. Rxg7+ Kxf5 51. Rb7 1-0